000 00585cam a2200205 4500500
005 20260405002012.0
041 _afre
042 _adc
100 1 0 _aRogé, Antoine
_eauthor
245 0 0 _aDurée de pommes de terre façon Bergson
260 _c2015.
500 _a23
690 _aBergson
690 _aCuisine
690 _aDurée
690 _aPurée
690 _aRecette
786 0 _nPhilosophie magazine | 90 | 6 | 2015-06-01 | p. 74-74 | 1951-1787
856 4 1 _uhttps://shs.cairn.info/magazine-philosophie-magazine-2015-6-page-74?lang=fr&redirect-ssocas=7080
999 _c2053197
_d2053197